Meaning and the structure of language
Gespeichert in:
| 1. Verfasser: | |
|---|---|
| Format: | Buch |
| Sprache: | Undetermined |
| Veröffentlicht: |
Chicago, Estados Unidos
The University of Chicago
1970
|
| Schlagworte: | |
| Tags: |
Tag hinzufügen
Keine Tags, Fügen Sie den ersten Tag hinzu!
|
MARC
| LEADER | 00000nam a2200000Ia 4500 | ||
|---|---|---|---|
| 008 | 170316s9999 xx 000 0 und d | ||
| 090 | |a 410 Ch-1m | ||
| 100 | |a Chafe, Wallace L. | ||
| 245 | |a Meaning and the structure of language | ||
| 260 | |a Chicago, Estados Unidos | ||
| 260 | |b The University of Chicago | ||
| 260 | |c 1970 | ||
| 300 | |a 360 páginas | ||
| 650 | |a LINGÜÍSTICA | ||
| 999 | |c 18312 |d 18312 | ||
| 040 | |a cru BVZT | ||
| 942 | |c 15 D |h 410 Ch-1m |2 z | ||
